FORTRAN 90 for engineers and scientists /
Guardado en:
| Autor Principal: | |
|---|---|
| Otros Autores: | |
| Formato: | Libro |
| Idioma: | English |
| Publicado: |
Upper Saddle River, N.J. :
Prentice Hall,
c1997.
|
| Materias: | |
| Etiquetas: |
Agregar Etiqueta
Sin Etiquetas, Sea el primero en etiquetar este registro!
|
| LEADER | 00786cam a22002175a 4500 | ||
|---|---|---|---|
| 001 | EIQ.libpla004063 | ||
| 008 | 960408s1997####njua##########001#0#eng#d | ||
| 005 | 20080512180553.0 | ||
| 245 | 1 | 0 | |a FORTRAN 90 for engineers and scientists / |c Larry Nyhoff, Sanford Leestma. |
| 260 | |a Upper Saddle River, N.J. : |b Prentice Hall, |c c1997. | ||
| 300 | |a xxvii, 119 p. : |b il. (algunas col.) ; |c 24 cm. | ||
| 500 | |a Incluye índices. | ||
| 020 | |a 0135197295 | ||
| 100 | 1 | |a Nyhoff, Larry R. | |
| 700 | 1 | |a Leestma, Sanford. | |
| 082 | 0 | 0 | |a 005.13/3 |2 20 |
| 650 | 4 | |a Computadores |x FORTRAN 90 (Lenguaje programación de computadores) | |
| 650 | 4 | |a Computers |x FORTRAN 90 (Computer program language) | |
| 010 | |a 96017843 | ||
| 040 | |a DLC |c DLC |d AR-BbSID | ||
| 859 | |a AR-BbSID |b BIB. PLAPIQUI |h 005.133 |i N 98 |p 4870 | ||
